Statistics for Presidents of Italian Republic

Click here to take the quiz!

General Stats

  • This quiz has been taken 48 times
  • The average score is 9 of 12

Answer Stats

TermPresident% Correct
2006-2015Giorgio Napolitano
100%
1978-1985Sandro Pertini
100%
2015-presentSergio Mattarella
100%
1971-1978Giovanni Leone
85%
1999-2006Carlo Azeglio Ciampi
82%
1946-1948Enrico De Nicola
82%
1985-1992Francesco Cossiga
77%
1992-1999Oscar Luigi Scalfaro
77%
1964-1971Giuseppe Saragat
67%
1948-1955Luigi Einaudi
67%
1962-1964Antonio Segni
54%
1955-1962Giovanni Gronchi
54%

Score Distribution

Percentile by Number Answered

Percent of People with Each Score

Your Score History

You have not taken this quiz